Việt Nam trong quá khứ qua 700 hình ảnh
Tập hợp 700 bức ảnh về nghệ thuật Việt Nam trước đây trên mọi mặt cuộc sống xã hội, văn hoá, âm nhạc, hội hè, phong cảnh
Kaydedildi:
| Materyal Türü: | Kitap |
|---|---|
| Dil: | Vietnamese |
| Baskı/Yayın Bilgisi: |
H.
Lao động
1997
|
| Konular: | |
| Etiketler: |
Etiketle
Etiket eklenmemiş, İlk siz ekleyin!
|
| Thư viện lưu trữ: | Mạng thư viện Đại học Đà Nẵng |
|---|
| LEADER | 01063nam a2200313 4500 | ||
|---|---|---|---|
| 001 | 000013997 | ||
| 003 | 10349 | ||
| 005 | 20120328080323.0 | ||
| 008 | 120328s1997 viesd | ||
| 020 | |c 160000 | ||
| 041 | 0 | |a vie | |
| 082 | |a 915.97 |b VIE | ||
| 245 | 0 | |a Việt Nam trong quá khứ qua 700 hình ảnh |c Nguyễn Khắc Cần ; Phạm Viết Thực | |
| 260 | |a H. |b Lao động |c 1997 | ||
| 300 | |a 700 tr. |b ảnh, tranh vẽ |c 19 cm | ||
| 500 | |a Chính văn bằng ba thứ tiếng: Việt - Anh - Pháp | ||
| 520 | |a Tập hợp 700 bức ảnh về nghệ thuật Việt Nam trước đây trên mọi mặt cuộc sống xã hội, văn hoá, âm nhạc, hội hè, phong cảnh | ||
| 653 | |a nghệ thuật tạo hình | ||
| 653 | |a hội họa | ||
| 653 | |a nghệ thuật tạo hình | ||
| 653 | |a lịch sử văn hóa | ||
| OWN | |a LSP | ||
| 999 | |a From the UDN01 | ||
| TYP | |a Monograph | ||
| TYP | |a Printed language | ||
| 980 | |a Mạng thư viện Đại học Đà Nẵng | ||